000 00630nam a22002297a 4500
003 UA-OsUOA
001 38401
007 ta
008 20071205b un ||||| |||| 00| 0 ukr d
100 _aДовгалюк Х.
090 _a82-31
_bД58
942 _cBK
040 _aUA-OsUOA
_bukr
_cUA-OsUOA
_dUA-OsUOA
245 _aБуревій (Повість)
300 _a245 с.
955 _a3
041 _aukr
080 _a82-31
260 _aБуенос-Айрес
_bВидавництво юліяна Середяка
_c1971
650 7 _a82 Література. Літературознавство
_2UDC
999 _c436913
_d436913